000 00291nam a22001337a 4500
008 170727b xxu||||| |||| 00| 0 eng d
020 _a9781439078389
041 _aeng
080 _a004
100 _a31
101 _aSHK
245 _aMICROSOFT OFFICE 2010
_cSHELLY,G.B
942 _2udc
_cBK
999 _c21998
_d21998